Politika Evropských společenství v oblasti výzkumu a vývoje
Technologické zaostávanie Európskych spoločenstiev za USA a Japonskom a jeho príčiny (národná roztrieštenosť vedeckovýskumného potenciálu a nedostatočná inovačná aktivita). Formovanie politiky ES v oblasti výskumu a vývoja a jej koncepcia. Prvý rámcový program pre výskum a vývoj na r.1984-1987. Vytv...
Gespeichert in:
| 1. Verfasser: | |
|---|---|
| Format: | Buchkapitel |
| Sprache: | Tschechisch |
| Schlagworte: | |
| Tags: |
Keine Tags, Fügen Sie das erste Tag hinzu!
|
MARC
| LEADER | 00000naa a2200000 4500 | ||
|---|---|---|---|
| 001 | r000975 | ||
| 005 | 20221205075757.6 | ||
| 041 | 0 | |a cze | |
| 044 | |a SK | ||
| 245 | 1 | 0 | |a Politika Evropských společenství v oblasti výzkumu a vývoje |c S. Tíkal |
| 520 | |a Technologické zaostávanie Európskych spoločenstiev za USA a Japonskom a jeho príčiny (národná roztrieštenosť vedeckovýskumného potenciálu a nedostatočná inovačná aktivita). Formovanie politiky ES v oblasti výskumu a vývoja a jej koncepcia. Prvý rámcový program pre výskum a vývoj na r.1984-1987. Vytvorenie inštitucionálno právneho základu pre politiku ES vo výskume a vývoji prijatím Jednotného európskeho aktu (1985). Porovnanie druhého (1987-1991) a tretieho (1990-1994) rámcového programu. Špecifické výskumné programy ES - ESPRIT a EUREKA. | ||
| 610 | 2 | 0 | |a Európske spoločenstvá |
| 610 | 2 | 0 | |a rozvoj vedeckotechnický |
| 610 | 2 | 0 | |a výskum |
| 610 | 2 | 0 | |a vývoj |
| 610 | 2 | 0 | |a programy výskumné |
| 610 | 2 | 0 | |a ESPRIT |
| 610 | 2 | 0 | |a EUREKA |
| 100 | 1 | |a Tíkal, S. | |